Manual General de Organización /
Este libro contiene una visión integral de la Secretaría de Educación Pública presentando en forma ordenada los objetivos, las funciones y la estructura de cada uno de sus órganos.
Spremljeno u:
| Autor kompanije: | |
|---|---|
| Format: | Knjiga |
| Jezik: | španjolski |
| Izdano: |
México :
Secretaría de Educación Pública,
1982
|
| Teme: | |
| Oznake: |
Bez oznaka, Budi prvi tko označuje ovaj zapis!
|
MARC
| LEADER | 00000nam^a2200000^a^4500 | ||
|---|---|---|---|
| 001 | 000022672 | ||
| 005 | 20250521000000.0 | ||
| 009 | 20260310084505.801 | ||
| 020 | |a 968-804-951-4 | ||
| 037 | |a Acervo ITESO - Biblioteca | ||
| 041 | |a ESP | ||
| 082 | |a 379. 972 |b SEC | ||
| 110 | |a México. |b Secretaría de Educación Pública | ||
| 245 | 1 | 0 | |a Manual General de Organización / |c Secretaría de Educación Pública. |
| 264 | 1 | |a México : |b Secretaría de Educación Pública, |c 1982 | |
| 300 | |a 679 p. | ||
| 336 | |a texto |b txt |2 rdacontenido | ||
| 337 | |a sin mediación |b n |2 rdamedio | ||
| 338 | |a volumen |b nc |2 rdasoporte | ||
| 520 | |a Este libro contiene una visión integral de la Secretaría de Educación Pública presentando en forma ordenada los objetivos, las funciones y la estructura de cada uno de sus órganos. | ||
| 649 | |a XX | ||
| 650 | |a Administración Educativa - |z México | ||
| 650 | |a Administración Educativa - |z México | ||
| 650 | |a Secretaría de Educación Pública - |z México | ||
| 910 | |a Fondo General | ||
| 920 | |a Impresos - Libros | ||
| 930 | |a Colección General | ||
| 905 | |a 101 | ||
| 901 | |a 0226720100 |b IT1 |c ACC |i 022672 |u 20250521 | ||
| 902 | |a https://opac.biblio.iteso.mx/vufind/Record/000022672 | ||